000 00628nam a2200181K 4500
020 _a9251047243 (v. 1)
040 _cEYM
082 _a632 FAO 2001 A053 Or.
245 0 0 _aGuidelines on standards for agricultural pesticide application equipment and related test procedures /
246 3 7 _aAgricultural pesticide application equipment : standards
260 _aRome :
_a[Great Britain] :
_bFAO,
_c2001
300 _a2 v. ;
_c21 cm
650 0 _aSpraying and dusting in agriculture
650 0 _aSpraying equipment
650 0 _aPesticides
710 2 _aFood and Agriculture Organization of the United Nations
942 _cEK
999 _c14865
_d14865